LEADER 01400naa a2200217 u 4500 001 000000094406 003 CaOOAMICUS 005 20070226130138.0 008 040422s1977 gw u000 u ger u 020 $a3110072610 035 $a10991643 040 $aIAR$bita 100 1 $aSchade, Herbert.$0(OLS)http://pul/name/60689 245 15$aDer "Traum Adams" - das "Grosse Gehimnis" (Ephes. 5,32) von Liebe und Tod und die Erkenntnis des Guten und Bösen in der mittelalterlichen Kunst :.bDie Bilderkenntnis als anthropologische Voraussetzung für die Entscheidung des Menschen zwischen Gut und Böse /$cHerbert Schade S.J. 260 $aBerlin :$bW. de Gruyter,$c1977. 300 $aS. 453-488, ;$c25 cm 773 0 $aDie Mächte des Guten und Bösen : Vorstellungen im XII. und XIII. Jahrhundert über ihr Wirken in der Heilsgeschichte. 773 0 $tDie Mächte des Guten und Bösen : Vorstellungen im XII. u. XIII. Jh. über ihr Wirken in der Heilsgeschichte$w()18526 996 $6020$a3110072610$9(OLS)http://pul/number/23706 996 $6245$aDer "Traum Adams" - das "Grosse Gehimnis" (Ephes. 5,32) von Liebe und Tod und die Erkenntnis des Guten und Bösen in der mittelalterlichen Kunst :.bDie Bilderkenntnis als anthropologische Voraussetzung für die Entscheidung des Menschen zwischen Gut und Böse$9(OLS)http://pul/title/121274 996 $6260$aBerlin :$bW. de Gruyter$9(OLS)http://pul/publisher/48032 LEADER 01316nam a2200289 u 4500 001 000000061757 003 CaOOAMICUS 005 20070226121047.0 008 010913s1975 it u000 u ita u 035 $a10902587 040 $aPUL(R)$bita 100 1 $aJaffe, Amin Frank.$0(OLS)http://pul/name/42107 245 10$aQuale 1984 :$brelazioni e discussione al convegno di studi ISTRA sulla crisi attuale del capitalismo /$cAmin Frank Jaffe ; relazione e presentazione degli atti a cura di Giuseppe Folloni. 260 $aMilano :$bJaca Book,$c1975. 300 $a200 p. ;$c23 cm 490 1 $aDi fronte e attraverso ;$v1 500 $aContiene indici. 504 $aBibliografia in nota. 650 4$aCapitalismo.$0(OLS)http://pul/subject/7257 700 1 $aFolloni, Giuseppe.$0(OLS)http://pul/name/31194 830 0$aDi fronte e attraverso ;$v1.$0(OLS)http://pul/title/138 850 $aPUL 852 $aPUL$W1$xDP1 Cons. Gen., Altre Classi 1$y22$m46 C 29$j80405$nBK-PRI$b $qStampati$B80405$CPULBib$Z2$F80405 $H $81 941 1 $a8 961 $aINV: 63966 996 $6245$aQuale 1984 :$brelazioni e discussione al convegno di studi ISTRA sulla crisi attuale del capitalismo$9(OLS)http://pul/title/82440 996 $6260$aMilano :$bJaca Book$9(OLS)http://pul/publisher/47900